Statistics for Best cricketers of all time

Click here to take the quiz!

General Stats

  • This quiz has been taken 42 times
  • The average score is 6 of 15

Answer Stats

Years activePlayer% Correct
1988-2013Sachin Tendulkar
85%
1927-1949Don Bradman
78%
1992-2007Shane Warne
65%
1990-2007Brian Lara
60%
2008-Virat Kohli
60%
1976-1992Ian Botham
45%
1995-2014Jacques Kallis
38%
2002-2023James Anderson
38%
1971-1992Imran Khan
35%
2006-2018Alastair Cook
30%
2004-2019MS Dhoni
28%
1984-2003Wasim Akram
25%
1974-1991Viv Richards
23%
1952-1974Garfield Sobers
10%
1992-2011Muthiah Muralidaran
5%

Score Distribution

Percentile by Number Answered

Percent of People with Each Score

Your Score History

You have not taken this quiz